Co i gdzie w województwie śląskim - Statystyki

Ogólne statystyki
  • Ten quiz został rozwiązany 91 razy
  • Średni wynik to 15 z 24
Statystyki odpowiedzi
Co: Gdzie: % Poprawnych
Dolina Trzech Stawów Katowice
94%
Górnośląski Park Etnograficzny Chorzów
88%
Trójkąt Trzech Cesarzy Mysłowice / Sosnowiec
88%
"Kolejkowo" - Śląsk w miniaturze Gliwice
87%
Kopalnia Guido Zabrze
87%
Park Miejski Kachla Bytom
79%
Muzeum Produkcji Zapałek Częstochowa
76%
Kolej Linowa Szyndzielnia Bielsko Biała
73%
Sztolnia Czarnego Pstrąga Tarnowskie Góry
68%
Hotel Piramida Tychy
68%
Muzeum i Kopalnia Ćwiczebna "Sztygarka" Dąbrowa Górnicza
67%
Rezydencja Prezydenta RP – Narodowy Zespół Zabytkowy Wisła
67%
Twinpigs - Amerykański Park Rozrywki Żory
65%
Pokazowa Zagroda Żubrów Pszczyna
61%
Pałac Mieroszewskich - Muzeum Zagłębia Będzin
60%
Kopiec Wyzwolenia Piekary Śląskie
56%
Muzeum Powstań Śląskich Świętochłowice
54%
Studnia Trzech Braci Cieszyn
50%
Górski Park Równica Ustroń
50%
Pałac Rheinbabenów Siemianowice Śląskie
49%
Termy Rzymskie "Pałac Saturna" Czeladź
40%
Las Kyndra Jastrzębie Zdrój
38%
Pałac Kawalera Świerklaniec
25%
Ruiny zamku Ogrodzieniec i Park Miniatur Podzamcze
17%
Nie znaleziono quizów pasujących do podanych kryteriów
Rozkład punktacji
Procent ludzi z każdym wynikiem
Percentyl według liczby udzielonych odpowiedzi
Twoja historia wyników
Nie rozwiązałeś tego quizu